Laureus World Sports Award Winners - Statistics

General Stats
  • This quiz has been taken 60 times
    45 since last reset
  • The average score is 17 of 44
Answer Stats
Year Athlete % Correct
2021 Rafael Nadal
75%
2011 Rafael Nadal
75%
2018 Roger Federer
75%
2008 Roger Federer
75%
2007 Roger Federer
75%
2006 Roger Federer
75%
2005 Roger Federer
75%
2020 Lionel Messi
71%
2019 Novak Djokovic
71%
2016 Novak Djokovic
71%
2015 Novak Djokovic
71%
2012 Novak Djokovic
71%
2017 Usain Bolt
63%
2013 Usain Bolt
63%
2010 Usain Bolt
63%
2009 Usain Bolt
63%
2018 Serena Williams
58%
2016 Serena Williams
58%
2010 Serena Williams
58%
2003 Serena Williams
58%
2004 Michael Schumacher
46%
2002 Michael Schumacher
46%
2001 Tiger Woods
46%
2000 Tiger Woods
46%
2014 Sebastian Vettel
33%
2020 Simone Biles
29%
2019 Simone Biles
29%
2017 Simone Biles
29%
2003 Lance Armstrong
13%
2011 Lindsey Vonn
13%
2000 Marion Jones
13%
2021 Naomi Osaka
13%
2009 Yelena Isinbayeva
8%
2007 Yelena Isinbayeva
8%
2001 Cathy Freeman
4%
2008 Justine Henin
4%
2014 Missy Franklin
4%
2004 Annika Sörenstam
0%
2015 Genzebe Dibaba
0%
2006 Janica Kostelić
0%
2002 Jennifer Capriati
0%
2013 Jessica Ennis
0%
2005 Kelly Holmes
0%
2012 Vivian Cheruiyot
0%
No matching quizzes found
Score Distribution
Percent of People with Each Score
Percentile by Number Answered
Your Score History
You have not taken this quiz since the last reset